[Event "Northwest inv"]
[Site "Vancouver"]
[Date "1989.05.06"]
[Round "1"]
[White "O'Donnell, Tom"]
[Black "Macskasy, Elod"]
[Result "1-0"]
[WhiteElo "2395"]
[BlackElo "2210"]
[PlyCount "135"]
[EventDate "1989.05.06"]
[Source "Jonathan Berry"]
[SourceDate "2000.01.01"]

1. e4 e5 2. Nf3 Nc6 3. Bb5 Nd4 4. Nxd4 exd4 5. O-O c6 6. Ba4 Nf6 7. d3 d6 8. f4
b5 9. Bb3 a5 10. a4 Be6 11. Bxe6 fxe6 12. Nd2 d5 13. e5 Nd7 14. Qg4 Nc5 15. Nf3
b4 16. Nxd4 Qd7 17. c3 Nxd3 18. Qxe6+ Qxe6 19. Nxe6 Ke7 20. Nxf8 Rhxf8 21. Rf3
Nc5 22. Be3 Nd3 23. Bc1 Nc5 24. cxb4 axb4 25. b3 g6 26. Bd2 Rab8 27. Raf1 Ne4
28. Bc1 c5 29. g4 c4 30. bxc4 dxc4 31. Rd1 Ke8 32. Rd4 Nc3 33. Rxc4 Nxa4 34.
Rb3 Kd7 35. Rbxb4 Rxb4 36. Rxb4 Nc3 37. Rd4+ Ke8 38. Kf2 Rf7 39. Bb2 Nb5 40.
Rb4 Nc7 41. Kf3 Kd7 42. Ke4 Rxf4+ 43. Kxf4 Nd5+ 44. Kg5 Nxb4 45. Kh6 Nd3 46.
Bd4 Ne1 47. Bf2 Nf3 48. Bg3 g5 49. Kxh7 Ke7 50. Kg7 Ke6 51. Kg6 Ke7 52. Kf5 Kf7
53. Ke4 Nd2+ 54. Kd5 Ke7 55. Bf2 Nf3 56. h3 Kd7 57. Be3 Ke7 58. Ke4 Ne1 59. Kf5
Nc2 60. Bxg5+ Ke8 61. h4 Nd4+ 62. Kf6 Nc6 63. h5 Kf8 64. Be3 Kg8 65. e6 Kf8 66.
h6 Ne7 67. Bc5 Ke8 68. h7 1-0

[Event "Northwest inv"]
[Site "Vancouver"]
[Date "1989.05.06"]
[Round "1"]
[White "Harmon, Clark"]
[Black "Vetemaa, Juri"]
[Result "1/2-1/2"]
[WhiteElo "2260"]
[BlackElo "2405"]
[PlyCount "76"]
[EventDate "1989.05.06"]
[Source "Jonathan Berry"]
[SourceDate "2000.01.01"]

1. d4 Nf6 2. c4 d6 3. Nc3 g6 4. e4 Bg7 5. f4 c5 6. d5 O-O 7. Nf3 e6 8. Bd3 exd5
9. cxd5 Re8 10. O-O a6 11. a4 Bg4 12. h3 Bxf3 13. Qxf3 Nbd7 14. Kh1 Qc7 15. Bd2
c4 16. Bc2 b5 17. axb5 axb5 18. Rxa8 Rxa8 19. Nxb5 Qb6 20. Nxd6 Qxd6 21. e5
Qxd5 22. exf6 Qxf3 23. Rxf3 Bxf6 24. Ra3 Re8 25. Bc3 Kg7 26. Kg1 Re2 27. Ba4
Bxc3 28. Rxc3 Nb6 29. b3 Rb2 30. Kh2 h5 31. h4 Kf6 32. Rc1 Nxa4 33. bxa4 Rb4
34. a5 Ra4 35. a6 Ke6 36. a7 Kd5 37. Rd1+ Ke6 38. Rd4 Rxa7 1/2-1/2

[Event "Northwest inv"]
[Site "Vancouver"]
[Date "1989.05.06"]
[Round "1"]
[White "Fullbrook, Nigel"]
[Black "Tomkins, Ken"]
[Result "1/2-1/2"]
[WhiteElo "2265"]
[BlackElo "2295"]
[PlyCount "117"]
[EventDate "1989.05.06"]
[Source "Jonathan Berry"]
[SourceDate "2000.01.01"]

1. e4 c5 2. Nf3 d6 3. d4 cxd4 4. Nxd4 Nf6 5. Nc3 Nc6 6. Bc4 e6 7. Be3 Be7 8.
Qe2 a6 9. O-O-O Qc7 10. Bb3 Nxd4 11. Rxd4 b5 12. f3 Nd7 13. Kb1 Rb8 14. Rd2 O-O
15. f4 Nc5 16. Bd4 b4 17. Nd1 a5 18. e5 d5 19. Ne3 Ba6 20. Qh5 Ne4 21. Rdd1
Rfd8 22. Rhe1 g6 23. Qh3 Bc8 24. Ng4 h5 25. Ne3 Nf2 26. Qf3 Nxd1 27. Rxd1 Qc6
28. Bc4 Bc5 29. f5 exf5 30. Nxd5 Bb7 31. e6 fxe6 32. Qg3 exd5 33. Bxc5 dxc4 34.
Rd6 Rxd6 35. Bxd6 Qxg2 36. Qxg2 Bxg2 37. Bxb8 a4 38. Bf4 Be4 39. Kc1 Kf7 40. c3
bxc3 41. bxc3 a3 42. h4 Ke6 43. Kd1 Bd3 44. Ke1 Kd5 45. Kf2 Ke4 46. Bc1 f4 47.
Bxa3 g5 48. hxg5 Kf5 49. Be7 Be4 50. a4 Kg4 51. Kg1 Kg3 52. a5 h4 53. Bc5 h3
54. Bf2+ Kg4 55. Kh2 Kxg5 56. Kxh3 Bb7 57. Kh2 Kg4 58. Kg1 Kf3 59. Kf1 1/2-1/2

[Event "Northwest inv"]
[Site "Vancouver"]
[Date "1989.??.??"]
[Round "2"]
[White "Macskasy, Elod"]
[Black "Piasetski, Leon"]
[Result "0-1"]
[WhiteElo "2210"]
[BlackElo "2400"]
[PlyCount "76"]
[EventDate "1989.05.06"]
[Source "Jonathan Berry"]
[SourceDate "2000.01.01"]

1. d4 Nf6 2. c4 d6 3. Nc3 Nbd7 4. Nf3 e5 5. g3 Be7 6. Bg2 O-O 7. O-O c6 8. Qc2
Re8 9. h3 Bf8 10. e4 a6 11. Be3 b5 12. cxb5 cxb5 13. dxe5 dxe5 14. Rfd1 Bb7 15.
Qb3 h6 16. Nh4 Qb8 17. Nd5 Nxd5 18. exd5 Rc8 19. Qd3 Qd6 20. Nf5 Qf6 21. Qe4
Rc4 22. Qf3 e4 23. Nxh6+ Qxh6 24. Qf5 Qd6 25. Bxe4 g6 26. Qf3 Re8 27. Bd4 Bg7
28. Bxg7 Kxg7 29. Bb1 Qf6 30. Qxf6+ Nxf6 31. d6 Bf3 32. d7 Nxd7 33. Bd3 Bxd1
34. Bxc4 Re1+ 35. Bf1 Ne5 36. f4 Nd3 37. a4 bxa4 38. Ra3 Be2 0-1

[Event "Northwest inv"]
[Site "Vancouver"]
[Date "1989.??.??"]
[Round "2"]
[White "Vetemaa, Juri"]
[Black "Basanta, Gary"]
[Result "1/2-1/2"]
[WhiteElo "2405"]
[BlackElo "2260"]
[PlyCount "52"]
[EventDate "1989.05.06"]
[Source "Jonathan Berry"]
[SourceDate "2000.01.01"]

1. Nf3 Nf6 2. g3 c5 3. Bg2 Nc6 4. O-O e5 5. c4 d5 6. cxd5 Nxd5 7. Nc3 Be6 8. d3
Be7 9. Bd2 O-O 10. Rc1 Rc8 11. a3 b6 12. Qa4 Qd7 13. Nxd5 Bxd5 14. b4 Rfd8 15.
Rfe1 Bxf3 16. Bxf3 Nd4 17. Qxd7 Nxf3+ 18. exf3 Rxd7 19. Rxe5 Bf6 20. Re3 h6 21.
bxc5 Rxc5 22. Rxc5 bxc5 23. Re8+ Kh7 24. Be3 Rxd3 25. Bxc5 Rxf3 26. Ra8 Rc3
1/2-1/2

[Event "Northwest inv"]
[Site "Vancouver"]
[Date "1989.??.??"]
[Round "2"]
[White "O'Donnell, Tom"]
[Black "Harmon, Clark"]
[Result "1-0"]
[WhiteElo "2395"]
[BlackElo "2260"]
[PlyCount "77"]
[EventDate "1989.05.06"]
[Source "Jonathan Berry"]
[SourceDate "2000.01.01"]

1. e4 c6 2. d4 d5 3. Nd2 dxe4 4. Nxe4 Bf5 5. Ng3 Bg6 6. h4 h6 7. Nf3 Nd7 8. h5
Bh7 9. Bd3 Bxd3 10. Qxd3 Qc7 11. Bd2 e6 12. O-O-O Ngf6 13. Ne4 Nxe4 14. Qxe4
O-O-O 15. g3 Nf6 16. Qe2 Rd5 17. Bf4 Bd6 18. Ne5 Nd7 19. c4 Ra5 20. Kb1 Nxe5
21. c5 Nc4 22. cxd6 Nxd6 23. Qg4 f5 24. Qg6 Qd7 25. Bxd6 Qxd6 26. Qxg7 Rd8 27.
Qxh6 Qd5 28. b3 Qe4+ 29. Kb2 Rdd5 30. Qd2 f4 31. g4 Rdb5 32. h6 Qh7 33. Qd3 Qh8
34. h7 Rg5 35. Qd2 Rgd5 36. Qxf4 c5 37. Kb1 cxd4 38. Rc1+ Kd8 39. Qb8+ 1-0

[Event "Northwest inv"]
[Site "Vancouver"]
[Date "1989.??.??"]
[Round "3"]
[White "Harmon, Clark"]
[Black "Macskasy, Elod"]
[Result "1-0"]
[WhiteElo "2260"]
[BlackElo "2210"]
[PlyCount "87"]
[EventDate "1989.05.06"]
[Source "Jonathan Berry"]
[SourceDate "2000.01.01"]

1. d4 g6 2. e4 Bg7 3. g3 d5 4. e5 h5 5. h4 Bg4 6. Qd3 Qd7 7. Nc3 c6 8. Bg2 Na6
9. a3 Nc7 10. Be3 Nh6 11. Qd2 Be6 12. Nh3 Nf5 13. Bf4 Nh6 14. f3 Bf5 15. Nf2
Ne6 16. Bxh6 Bxh6 17. f4 Nc7 18. O-O e6 19. b4 Bf8 20. Rfb1 b6 21. Bf1 Be7 22.
Nfd1 O-O 23. Ne3 Rfc8 24. a4 a5 25. b5 c5 26. Nxf5 exf5 27. dxc5 Bxc5+ 28. Kh2
Rd8 29. Rd1 Bb4 30. Qd3 Rac8 31. Na2 Qe7 32. Qb3 Ne6 33. Bg2 Nc5 34. Qf3 Nxa4
35. Rxd5 Rxd5 36. Qxd5 Nc3 37. Nxc3 Rxc3 38. Qa8+ Kg7 39. Rd1 f6 40. Rd8 fxe5
41. Rg8+ Kf6 42. Re8 Qd7 43. fxe5+ Kg7 44. Rg8+ 1-0

[Event "Northwest inv"]
[Site "Vancouver"]
[Date "1989.??.??"]
[Round "3"]
[White "Basanta, Gary"]
[Black "O'Donnell, Tom"]
[Result "1/2-1/2"]
[WhiteElo "2260"]
[BlackElo "2395"]
[PlyCount "26"]
[EventDate "1989.05.06"]
[Source "Jonathan Berry"]
[SourceDate "2000.01.01"]

1. e4 c5 2. Nf3 d6 3. Bb5+ Bd7 4. a4 Nf6 5. Nc3 Nc6 6. O-O e5 7. d3 h6 8. Ne1
g5 9. g3 Rg8 10. Ng2 Nd4 11. Ne3 a6 12. Bxd7+ Qxd7 13. Ncd5 Nxd5 1/2-1/2

[Event "Northwest inv"]
[Site "Vancouver"]
[Date "1989.??.??"]
[Round "3"]
[White "Fullbrook, Nigel"]
[Black "Vetemaa, Juri"]
[Result "1/2-1/2"]
[WhiteElo "2265"]
[BlackElo "2405"]
[PlyCount "84"]
[EventDate "1989.05.06"]
[Source "Jonathan Berry"]
[SourceDate "2000.01.01"]

1. e4 c5 2. Nf3 d6 3. d4 cxd4 4. Nxd4 Nf6 5. Nc3 a6 6. f4 e6 7. Be3 b5 8. e5
dxe5 9. fxe5 Nd5 10. Nxd5 Qxd5 11. Nf3 Qxd1+ 12. Rxd1 Nd7 13. Be2 Bb7 14. O-O
h6 15. Nh4 Bd5 16. a4 b4 17. Nf5 Nxe5 18. Bd4 Nc6 19. Bxg7 Bxg7 20. Nxg7+ Kf8
21. Nf5 Ne5 22. Ne3 Bc6 23. a5 Ke7 24. Rf4 Rhb8 25. Nc4 Ng6 26. Rfd4 Rb5 27.
Nb6 Re5 28. Bf1 Rg8 29. Rc4 Bb5 30. Rc7+ Kf6 31. Bxb5 Rxb5 32. Rf1+ Kg5 33. Nc4
f5 34. Rc6 Ne5 35. Nxe5 Rxe5 36. Rxa6 Rc8 37. Rc1 Re2 38. Rb6 Rd8 39. Rxb4 Rdd2
40. h4+ Kf6 41. a6 Rxg2+ 42. Kh1 Rh2+ 1/2-1/2

[Event "Northwest inv"]
[Site "Vancouver"]
[Date "1989.??.??"]
[Round "3"]
[White "Piasetski, Leon"]
[Black "Tomkins, Ken"]
[Result "0-1"]
[WhiteElo "2400"]
[BlackElo "2295"]
[PlyCount "62"]
[EventDate "1989.05.06"]
[Source "Jonathan Berry"]
[SourceDate "2000.01.01"]

1. c4 e5 2. g3 c5 3. Nc3 Nc6 4. Bg2 g6 5. a3 Bg7 6. b4 cxb4 7. axb4 Nge7 8. b5
Nd4 9. Ba3 O-O 10. e3 Ne6 11. Nge2 f5 12. f4 Re8 13. fxe5 Bxe5 14. O-O d6 15.
d4 Bg7 16. Qd3 Kh8 17. Ra2 Ng8 18. Bb4 Nf6 19. Rfa1 a6 20. bxa6 Rxa6 21. Nb5
Ne4 22. Nec3 Nxc3 23. Qxc3 Nc5 24. Kf1 g5 25. Rxa6 bxa6 26. Nxd6 Qxd6 27. Ra5
Qh6 28. Bxc5 Qxh2 29. Bd6 h6 30. Ra3 f4 31. exf4 Bh3 0-1

[Event "Northwest inv"]
[Site "Vancouver"]
[Date "1989.??.??"]
[Round "4"]
[White "Macskasy, Elod"]
[Black "Tomkins, Ken"]
[Result "1/2-1/2"]
[WhiteElo "2210"]
[BlackElo "2295"]
[PlyCount "68"]
[EventDate "1989.05.06"]
[Source "Jonathan Berry"]
[SourceDate "2000.01.01"]

1. d4 Nf6 2. c4 e6 3. Nc3 Bb4 4. e3 c5 5. Nf3 O-O 6. Bd3 Bxc3+ 7. bxc3 d6 8.
O-O Nc6 9. Ng5 h6 10. Ne4 Nxe4 11. Bxe4 Qh4 12. f4 f5 13. Bf3 Qf6 14. Rb1 Rd8
15. Bd2 e5 16. Bd5+ Kh8 17. Be1 exd4 18. cxd4 cxd4 19. exd4 Qxd4+ 20. Qxd4 Nxd4
21. Ba5 Re8 22. Bc7 Ne2+ 23. Kh1 Nc3 24. Rbe1 Ne4 25. g4 Be6 26. Bxb7 Bxc4 27.
Bxa8 Rxa8 28. gxf5 Bxf1 29. Rxe4 Rc8 30. Re7 Bh3 31. Kg1 Bxf5 32. Bxd6 Rc1+ 33.
Kf2 Rc2+ 34. Re2 Rxe2+ 1/2-1/2

[Event "Northwest inv"]
[Site "Vancouver"]
[Date "1989.??.??"]
[Round "4"]
[White "O'Donnell, Tom"]
[Black "Fullbrook, Nigel"]
[Result "1-0"]
[WhiteElo "2395"]
[BlackElo "2265"]
[PlyCount "55"]
[EventDate "1989.05.06"]
[Source "Jonathan Berry"]
[SourceDate "2000.01.01"]

1. e4 d6 2. d4 Nf6 3. Nc3 g6 4. Nf3 Bg7 5. h3 c5 6. dxc5 Qa5 7. Bd3 Qxc5 8. Be3
Qa5 9. O-O Nc6 10. Nd2 O-O 11. f4 Bd7 12. a3 Rfc8 13. Qe2 Be8 14. Qf2 Nd7 15.
Nb3 Qd8 16. Rad1 a5 17. Na4 e6 18. Kh1 Qe7 19. Bb5 Nf6 20. Qf3 d5 21. exd5 Nxd5
22. Bc5 Qh4 23. c4 Ne5 24. fxe5 Bxb5 25. Rd4 Qxd4 26. Nxd4 Bxa4 27. Qxf7+ Kh8
28. Nxe6 1-0

[Event "Northwest inv"]
[Site "Vancouver"]
[Date "1989.??.??"]
[Round "4"]
[White "Harmon, Clark"]
[Black "Basanta, Gary"]
[Result "1-0"]
[WhiteElo "2260"]
[BlackElo "2260"]
[PlyCount "77"]
[EventDate "1989.05.06"]
[Source "Jonathan Berry"]
[SourceDate "2000.01.01"]

1. d4 c5 2. d5 Nf6 3. c4 b5 4. cxb5 a6 5. bxa6 Bxa6 6. Nc3 g6 7. e4 Bxf1 8.
Kxf1 d6 9. h3 Bg7 10. Nf3 O-O 11. Kg1 Na6 12. Kh2 Nb4 13. Be3 e6 14. a3 Na6 15.
Qd2 exd5 16. exd5 Re8 17. Bh6 Bxh6 18. Qxh6 Rb8 19. Rab1 Nc7 20. Rhd1 Nb5 21.
Qd2 Nxc3 22. bxc3 Ne4 23. Rxb8 Qxb8 24. Qc2 h6 25. c4 Qa7 26. Rd3 Qd7 27. Re3
f5 28. Qe2 Rb8 29. Ne1 Qg7 30. Nd3 g5 31. f3 Ng3 32. Re8+ Rxe8 33. Qxe8+ Kh7
34. Kxg3 f4+ 35. Kh2 Qc3 36. Qe4+ Kg8 37. Qg6+ Kf8 38. Qxd6+ Kf7 39. Ne5+ {
Black lost on time} 1-0

[Event "Northwest inv"]
[Site "Vancouver"]
[Date "1989.??.??"]
[Round "5"]
[White "Basanta, Gary"]
[Black "Macskasy, Elod"]
[Result "1-0"]
[WhiteElo "2260"]
[BlackElo "2210"]
[PlyCount "91"]
[EventDate "1989.05.06"]
[Source "Jonathan Berry"]
[SourceDate "2000.01.01"]

1. e4 e5 2. Nf3 Nc6 3. Bc4 Be7 4. d4 d6 5. Nc3 exd4 6. Nxd4 Bf6 7. Be3 Nge7 8.
Qd2 O-O 9. f4 Nxd4 10. Bxd4 Bxd4 11. Qxd4 Be6 12. O-O-O Nc6 13. Qd3 Qf6 14. g3
Rfd8 15. a3 Ne7 16. Bxe6 fxe6 17. Qc4 c6 18. Qb4 e5 19. fxe5 Qxe5 20. Qxb7 a5
21. Qb6 Rab8 22. Qd4 Qe6 23. Rd2 Rb7 24. Rf1 Qh6 25. Kb1 Qe6 26. Ka1 Nc8 27.
Qa4 Na7 28. Qxa5 Rdb8 29. Rb1 Qf6 30. e5 Qg5 31. Rxd6 Nb5 32. Nxb5 Rxb5 33. Qd2
Qxe5 34. Rd8+ Rxd8 35. Qxd8+ Kf7 36. Qd7+ Kg6 37. Qxc6+ Kg5 38. h4+ Kg4 39.
Qc4+ Kh5 40. Qf7+ Kh6 41. Qf2 Ra5 42. Ka2 Qd5+ 43. b3 Rc5 44. c4 Qf5 45. Rf1
Kg6 46. Qxf5+ 1-0

[Event "Northwest inv"]
[Site "Vancouver"]
[Date "1989.??.??"]
[Round "5"]
[White "Fullbrook, Nigel"]
[Black "Harmon, Clark"]
[Result "1/2-1/2"]
[WhiteElo "2265"]
[BlackElo "2260"]
[PlyCount "73"]
[EventDate "1989.05.06"]
[Source "Jonathan Berry"]
[SourceDate "2000.01.01"]

1. e4 g6 2. d4 Bg7 3. Nc3 d6 4. Nf3 Nd7 5. Bc4 e6 6. Bg5 Ne7 7. Qd2 h6 8. Be3
b6 9. O-O-O Bb7 10. Rhe1 c6 11. d5 cxd5 12. exd5 e5 13. Ne4 Nc5 14. Bxc5 bxc5
15. Nxc5 dxc5 16. Nxe5 O-O 17. d6 Nf5 18. g4 Nd4 19. Nxf7 Qb6 20. c3 Ba6 21.
Ne5+ Bxc4 22. Nxc4 Qa6 23. Qd3 Rf3 24. Re3 Rxf2 25. cxd4 Qxa2 26. d7 Qa1+ 27.
Qb1 Qa4 28. Ne5 cxd4 29. Ra3 Qxd1+ 30. Kxd1 Rf1+ 31. Kc2 Rxb1 32. Nc6 Rh1 33.
Rxa7 Rxh2+ 34. Kd3 Rf8 35. d8=Q Rxd8 36. Nxd8 Rxb2 37. Ne6 1/2-1/2

[Event "Northwest inv"]
[Site "Vancouver"]
[Date "1989.??.??"]
[Round "5"]
[White "Piasetski, Leon"]
[Black "Vetemaa, Juri"]
[Result "1-0"]
[WhiteElo "2400"]
[BlackElo "2405"]
[PlyCount "63"]
[EventDate "1989.05.06"]
[Source "Jonathan Berry"]
[SourceDate "2000.01.01"]

1. c4 Nf6 2. g3 g6 3. Bg2 Bg7 4. Nc3 O-O 5. d4 d6 6. Nf3 c6 7. O-O Nbd7 8. h3
e5 9. e4 Qb6 10. d5 cxd5 11. cxd5 Nc5 12. Re1 Bd7 13. Rb1 a5 14. b3 Rfc8 15.
Ba3 Qa6 16. Bf1 b5 17. Qd2 Qb6 18. b4 axb4 19. Bxb4 Na6 20. Nxb5 Nxb4 21. Rxb4
Qa5 22. a4 Rc2 23. Qxc2 Qxb4 24. Qc3 Qxa4 25. Nxd6 Bf8 26. Qxe5 Nh5 27. Nc4 Re8
28. Qb2 Qa7 29. Qb6 Qa2 30. Nfe5 Ba4 31. Qa7 Re7 32. Qa8 1-0

[Event "Northwest inv"]
[Site "Vancouver"]
[Date "1989.??.??"]
[Round "6"]
[White "Vetemaa, Juri"]
[Black "Tomkins, Ken"]
[Result "1-0"]
[WhiteElo "2405"]
[BlackElo "2295"]
[PlyCount "103"]
[EventDate "1989.05.06"]
[Source "Jonathan Berry"]
[SourceDate "2000.01.01"]

1. e4 c5 2. Nf3 d6 3. d4 cxd4 4. Nxd4 Nf6 5. Nc3 Nc6 6. Bc4 e6 7. Be3 a6 8. Qe2
Qc7 9. Bb3 Be7 10. Rg1 Nxd4 11. Bxd4 O-O 12. g4 Nd7 13. g5 b5 14. Qh5 Ne5 15.
Rg3 Rd8 16. Rh3 h6 17. gxh6 g6 18. h7+ Kh8 19. Qh6 Bf6 20. O-O-O b4 21. f4 bxc3
22. Rxc3 Qe7 23. fxe5 dxe5 24. Be3 Rxd1+ 25. Kxd1 Bb7 26. Bc5 Rd8+ 27. Ke1 Bh4+
28. Ke2 Qg5 29. Qxg5 Bxg5 30. Be3 Bxe3 31. Kxe3 f5 32. Rc5 Bxe4 33. Rxe5 Kxh7
34. Rxe6 a5 35. Ra6 Rd1 36. Rxa5 Re1+ 37. Kf4 Kh6 38. Ra6 Bb7 39. Re6 Rf1+ 40.
Ke5 Rh1 41. Rb6 Re1+ 42. Kd4 Bf3 43. a4 f4 44. a5 Re4+ 45. Kc3 Re3+ 46. Kb4
Re4+ 47. c4 Re2 48. a6 Rxh2 49. a7 Rxb2 50. c5 Rb1 51. c6 Ra1 52. Ba4 1-0

[Event "Northwest inv"]
[Site "Vancouver"]
[Date "1989.??.??"]
[Round "6"]
[White "O'Donnell, Tom"]
[Black "Piasetski, Leon"]
[Result "1/2-1/2"]
[WhiteElo "2395"]
[BlackElo "2400"]
[PlyCount "89"]
[EventDate "1989.05.06"]
[Source "Jonathan Berry"]
[SourceDate "2000.01.01"]

1. e4 c5 2. c3 e6 3. d4 d5 4. exd5 exd5 5. Nf3 Nc6 6. Be2 c4 7. O-O Bd6 8. Re1
Nge7 9. b3 cxb3 10. axb3 O-O 11. Ba3 Bf5 12. Qd2 Rc8 13. c4 Be4 14. c5 Bb8 15.
Bb2 Nf5 16. Na3 Qf6 17. Red1 Bxf3 18. Bxf3 Ncxd4 19. Bg4 Qh4 20. h3 h5 21. Bxf5
Nxf5 22. Qxd5 Qf4 23. g3 Nxg3 24. fxg3 Qe3+ 25. Kh1 Rxc5 26. Rd3 Qe2 27. Qxc5
Qxd3 28. Qc3 Qxc3 29. Bxc3 Bxg3 30. Nc4 a6 31. Rd1 Rc8 32. Rd3 h4 33. Ne3 Rc5
34. Bd4 Rb5 35. Kg2 f6 36. Kf3 Kf7 37. Nf1 Bb8 38. Kg4 Rg5+ 39. Kf3 Rf5+ 40.
Ke2 Rb5 41. Nd2 a5 42. Bf2 g5 43. Nc4 Ke6 44. Be1 Bc7 45. Re3+ 1/2-1/2

[Event "Northwest inv"]
[Site "Vancouver"]
[Date "1989.??.??"]
[Round "6"]
[White "Basanta, Gary"]
[Black "Fullbrook, Nigel"]
[Result "0-1"]
[WhiteElo "2260"]
[BlackElo "2265"]
[PlyCount "158"]
[EventDate "1989.05.06"]
[Source "Jonathan Berry"]
[SourceDate "2000.01.01"]

1. e4 Nf6 2. e5 Nd5 3. c4 Nb6 4. d4 d6 5. f4 dxe5 6. fxe5 c5 7. d5 e6 8. Nc3
exd5 9. cxd5 Qh4+ 10. g3 Qd4 11. Bf4 g5 12. Bxg5 Qxe5+ 13. Qe2 Bg7 14. Qxe5+
Bxe5 15. O-O-O O-O 16. Be7 Re8 17. Bxc5 Bf5 18. Bh3 Bxc3 19. Bxf5 Bxb2+ 20. Kb1
Na4 21. Nf3 Na6 22. Bd4 Re2 23. Bd3 Rg2 24. Bf1 Bxd4 25. Bxg2 Nc3+ 26. Kc2 Nxd1
27. Rxd1 Rc8+ 28. Kb1 Bf6 29. d6 Nc5 30. Nd4 Na4 31. Ne2 Re8 32. Bf1 Kf8 33. d7
Rd8 34. Bh3 Be5 35. Rd5 f6 36. Ra5 Nb6 37. Nf4 Bxf4 38. gxf4 Nxd7 39. Rd5 Ke7
40. Rh5 Nf8 41. Bg2 Rd4 42. Kc2 b6 43. f5 Kd6 44. Bf1 Ke5 45. Bd3 Rg4 46. Kc3
Rg2 47. a4 Kf4 48. h3 Rg3 49. Kd4 Rg7 50. Rh4+ Kg3 51. Rh6 Rd7+ 52. Ke4 Re7+
53. Kd4 Nd7 54. Kd5 Nc5 55. Bb5 Ne4 56. Bd3 Nc5 57. Bb5 a6 58. Bc4 Re5+ 59. Kc6
Nxa4 60. Bxa6 Rxf5 61. Rxh7 Rc5+ 62. Kd6 f5 63. Bb7 f4 64. Bc6 Rc4 65. h4 Nc3
66. h5 Ne4+ 67. Kd5 Nd2 68. Rg7+ Kf2 69. h6 Rc5+ 70. Kd6 Nc4+ 71. Kc7 Ne5 72.
Kd6 Nxc6 73. Rg4 f3 74. Rh4 Ne5 75. h7 Nf7+ 76. Ke7 Nh8 77. Kf8 Kg3 78. Rh6 f2
79. Rf6 Kg2 0-1

[Event "Northwest inv"]
[Site "Vancouver"]
[Date "1989.??.??"]
[Round "7"]
[White "Fullbrook, Nigel"]
[Black "Macskasy, Elod"]
[Result "1-0"]
[WhiteElo "2265"]
[BlackElo "2210"]
[PlyCount "52"]
[EventDate "1989.05.06"]
[Source "Jonathan Berry"]
[SourceDate "2000.01.01"]

1. e4 e5 2. Nf3 Nc6 3. d4 exd4 4. c3 d3 5. Bxd3 d6 6. Nd4 g6 7. Be3 Bg7 8. Nd2
Nf6 9. h3 d5 10. Nxc6 bxc6 11. Qa4 Bd7 12. e5 Ng8 13. Nf3 Ne7 14. Bc5 O-O 15.
O-O-O Re8 16. Rhe1 a5 17. g4 Qc8 18. Qf4 h6 19. Nd4 Be6 20. Qg3 Rb8 21. f4 Qb7
22. Rd2 Bc8 23. f5 Bf8 24. f6 Nf5 25. gxf5 Bxc5 26. fxg6 Bxd4 1-0

[Event "Northwest inv"]
[Site "Vancouver"]
[Date "1989.??.??"]
[Round "7"]
[White "Piasetski, Leon"]
[Black "Harmon, Clark"]
[Result "1-0"]
[WhiteElo "2400"]
[BlackElo "2260"]
[PlyCount "67"]
[EventDate "1989.05.06"]
[Source "Jonathan Berry"]
[SourceDate "2000.01.01"]

1. c4 e5 2. g3 g6 3. d4 d6 4. Nc3 Nc6 5. Nf3 Bd7 6. d5 Nce7 7. e4 Bg7 8. Bg2 f5
9. O-O Nf6 10. c5 O-O 11. exf5 gxf5 12. Qb3 Kh8 13. Qxb7 e4 14. Ng5 Rb8 15.
Qxa7 Nfxd5 16. Nxd5 Nxd5 17. cxd6 cxd6 18. Rd1 Nc7 19. Rxd6 Nb5 20. Qxd7 Nxd6
21. Qxd8 Rfxd8 22. Bf4 Kg8 23. Ne6 Rd7 24. Rd1 Rb6 25. b3 Bf6 26. Bh3 Kf7 27.
Nc5 Rd8 28. Rd5 Ne8 29. Nd7 Rbb8 30. Bxb8 Ke6 31. Rxf5 Kxd7 32. Rxf6+ Ke7 33.
Re6+ Kf7 34. Bf4 1-0

[Event "Northwest inv"]
[Site "Vancouver"]
[Date "1989.??.??"]
[Round "7"]
[White "Tomkins, Ken"]
[Black "O'Donnell, Tom"]
[Result "1/2-1/2"]
[WhiteElo "2295"]
[BlackElo "2395"]
[PlyCount "29"]
[EventDate "1989.05.06"]
[Source "Jonathan Berry"]
[SourceDate "2000.01.01"]

1. c4 e6 2. Nc3 d5 3. d4 c6 4. cxd5 exd5 5. Bf4 Bf5 6. e3 Nf6 7. Be2 Be7 8. h3
O-O 9. Nf3 Nbd7 10. O-O Re8 11. a3 a5 12. Nh4 Be6 13. Nf3 Bf5 14. Nh4 Be6 15.
Nf3 1/2-1/2

[Event "Northwest inv"]
[Site "Vancouver"]
[Date "1989.??.??"]
[Round "8"]
[White "Macskasy, Elod"]
[Black "Vetemaa, Juri"]
[Result "0-1"]
[WhiteElo "2210"]
[BlackElo "2405"]
[PlyCount "84"]
[EventDate "1989.05.06"]
[Source "Jonathan Berry"]
[SourceDate "2000.01.01"]

1. d4 g6 2. c4 Bg7 3. Nc3 Nf6 4. e4 d6 5. Nge2 O-O 6. f4 e5 7. fxe5 dxe5 8. d5
Nh5 9. Be3 f5 10. Qd2 Nd7 11. O-O-O Nhf6 12. h3 a6 13. d6 c6 14. Qc2 f4 15. Bf2
c5 16. Nd5 Nxd5 17. Rxd5 b6 18. Nc3 Bb7 19. Rd1 Bh6 20. Kb1 Nf6 21. Be2 Qd7 22.
Bg4 Nxg4 23. hxg4 Bg5 24. Qe2 Rf6 25. Nd5 Bxd5 26. Rxd5 Rxd6 27. Rhd1 Rxd5 28.
Rxd5 Qc7 29. b4 cxb4 30. c5 bxc5 31. Rxc5 Qf7 32. Qc2 Rb8 33. Ka1 Rb7 34. Rc8+
Kg7 35. Bc5 Be7 36. g5 a5 37. Bxe7 Qxe7 38. Qc4 Qxg5 39. Rg8+ Kh6 40. Qc6 f3
41. gxf3 Qd2 42. Kb1 b3 0-1

[Event "Northwest inv"]
[Site "Vancouver"]
[Date "1989.??.??"]
[Round "8"]
[White "Harmon, Clark"]
[Black "Tomkins, Ken"]
[Result "1/2-1/2"]
[WhiteElo "2260"]
[BlackElo "2295"]
[PlyCount "54"]
[EventDate "1989.05.06"]
[Source "Jonathan Berry"]
[SourceDate "2000.01.01"]

1. d4 Nf6 2. c4 e6 3. Nc3 d5 4. Bg5 Be7 5. e3 h6 6. Bh4 O-O 7. Nf3 b6 8. cxd5
exd5 9. Bd3 Bb7 10. O-O Nbd7 11. Rc1 Ne4 12. Bxe7 Qxe7 13. Ne2 c5 14. dxc5 bxc5
15. Qa4 Ndf6 16. Ba6 Bxa6 17. Qxa6 Rab8 18. Qa3 Rb4 19. Nf4 Rfb8 20. Nd3 R4b5
21. b3 R8b6 22. Rc2 Qd6 23. Nde5 Ra6 24. Qc1 Rba5 25. Qa1 Qb8 26. Qb1 Re6 27.
Nd3 Qb5 1/2-1/2

[Event "Northwest inv"]
[Site "Vancouver"]
[Date "1989.??.??"]
[Round "8"]
[White "Basanta, Gary"]
[Black "Piasetski, Leon"]
[Result "0-1"]
[WhiteElo "2260"]
[BlackElo "2400"]
[PlyCount "50"]
[EventDate "1989.05.06"]
[Source "Jonathan Berry"]
[SourceDate "2000.01.01"]

1. e4 c5 2. Nf3 Nc6 3. d4 cxd4 4. Nxd4 e5 5. Nf3 Nf6 6. Nc3 Bb4 7. Bc4 O-O 8.
Bg5 h6 9. Bh4 g5 10. Bg3 Qa5 11. Qd3 Bxc3+ 12. bxc3 d5 13. Bxd5 Nxd5 14. exd5
e4 15. Qc4 exf3 16. O-O Ne7 17. Bd6 Qd8 18. Qc5 Re8 19. Rfe1 Ng6 20. Bc7 Qd7
21. c4 fxg2 22. Rxe8+ Qxe8 23. Qb4 Nh4 24. Bg3 Nf3+ 25. Kxg2 Qe4 0-1

[Event "Northwest inv"]
[Site "Vancouver"]
[Date "1989.05.14"]
[Round "9"]
[White "Piasetski, Leon"]
[Black "Fullbrook, Nigel"]
[Result "1-0"]
[WhiteElo "2400"]
[BlackElo "2265"]
[PlyCount "73"]
[EventDate "1989.05.06"]
[Source "Jonathan Berry"]
[SourceDate "2000.01.01"]

1. d4 Nf6 2. Nf3 c5 3. c4 g6 4. Nc3 cxd4 5. Nxd4 Bg7 6. e4 d6 7. Be2 Nc6 8. Be3
O-O 9. O-O Bd7 10. Nb3 a5 11. Nd2 Ne5 12. h3 Bc6 13. Rc1 a4 14. f4 Ned7 15. Bd3
Qa5 16. Nd5 Rfe8 17. b4 axb3 18. axb3 e6 19. b4 Qd8 20. Nxf6+ Nxf6 21. b5 Bd7
22. e5 Nh5 23. g4 Nxf4 24. Rxf4 dxe5 25. Rf2 f5 26. Bf1 Ra3 27. Nb3 Bxb5 28.
Rd2 Qh4 29. Bf2 Qf6 30. cxb5 Bh6 31. Rc3 Bxd2 32. Qxd2 e4 33. Bd4 e5 34. Bc5
Rd8 35. g5 Rxd2 36. gxf6 Rd1 37. Bxa3 1-0

[Event "Northwest inv"]
[Site "Vancouver"]
[Date "1989.05.14"]
[Round "9"]
[White "Tomkins, Ken"]
[Black "Basanta, Gary"]
[Result "1/2-1/2"]
[WhiteElo "2295"]
[BlackElo "2260"]
[PlyCount "25"]
[EventDate "1989.05.06"]
[Source "Jonathan Berry"]
[SourceDate "2000.01.01"]

1. c4 e5 2. Nc3 Nf6 3. g3 d5 4. cxd5 Nxd5 5. Bg2 Nb6 6. Nf3 Nc6 7. O-O Be7 8.
a3 a5 9. b3 f5 10. Bb2 O-O 11. Nb5 Bf6 12. Rc1 Be6 13. d3 1/2-1/2